| 000 | 00611nam a2200193 i 4500 | ||
|---|---|---|---|
| 001 | 21513 | ||
| 003 | ES-MaACL | ||
| 005 | 20250430203725.0 | ||
| 007 | t| | ||
| 008 | 021126s1981 sp ||||1| spa d | ||
| 020 | _a84-300-4038-2 | ||
| 080 | _a821.134.2-14"19" | ||
| 100 | 1 |
_aAlberti, Rafael, _d1902-1999 _9240174 |
|
| 245 | 1 | 0 |
_aDel mar de Cádiz : _b(antología de su poesía gaditana) / _cRafael Alberti. |
| 260 |
_aPuerto de Santa María (Cádiz) : _bFundación Municipal de Cultura, _c1981. |
||
| 300 |
_a141 p. : _bil. ; _c20 cm. |
||
| 852 | 4 |
_aES-MaACL _jL-4168 |
|
| 999 |
_c21513 _d21513 |
||